000 01184nam a22003017i 4500
999 _c23082
_d23082
003 AR-CdUCM
008 240923b20242024 pe||||| |||| 00| 0 spa d
040 _aMUNICIPALIDAD PROVINCIAL DEL CUSCO
_cBIBLIOTECA MUNICIPAL DEL CUSCO
041 _hspa
082 _a636.9 / D68M
_bD68M
100 _aDiaz Barrientos, Arístides Liberato
_950690
245 _aManual de alimentación de cuyes /
260 _aCusco :
_bAsociación Jesús Obrero - CCAIJO
_c2024
300 _a32 páginas. :
_c30 cm.
505 _aSistema digestivo de los cuyes -- Requerimientos nutricionales de los cuyes -- Sistema de alimentación -- Instalación de pastos y forrajes -- Principales aspectos a considerar para la siembra de pastos -- Labores culturales en la instalación y manejo de pastos cultivados
650 _aCuyes
_944342
650 _aForraje
_950645
650 _aAlimentación
_919429
650 _aProducción
_91785
650 _aPastos
_921174
650 _aGalpón
_950640
650 _aFibra
_941965
700 _aSumire Higuera, Michael
_950691
700 _aCueva Vargas, mercedes
_950692
856 _fwww.ccaijo.org.pe
942 _2ddc
_cLIBROS
945 _apbj
_d2024-09-23